• 首页
  • 本馆介绍
  • 公告通知
  • 最新文献
  • 馆藏检索
  • 电子资源
  • 读者导购
  • 参考咨询
  • 我的图书馆
  • 登录
  • 详细信息显示
  • 放入我的书架
  • 预约/预借图书
  • 作者相关作品
  • 分类相关作品
  • 丛书相关作品
  • 出版社相关作品

书目信息

  • 表格格式
  • 工作单格式
  • 卡片格式
题名:
亲历者说“原子弹摇篮”
    
 
作者: 谷才伟 , 任益民 , 孙维昌 , 谷才伟 口述 ;曹科峰 , 姜洋访 , 侯艺兵 访问整理
分册:  
出版信息: 长沙   湖南教育出版社  2014
页数: 11,351页
开本: 24cm
丛书名: 20世纪中国科学口述史丛书
单 册:
中图分类: TJ91-092 , TJ9
科图分类:
主题词: 原子弹--研制--技术史--中国--史料 , 核武器 , 特种武器 , 核武器--防护设备 , 特种武器--防护设备
电子资源:
ISBN: 978-7-5539-1892-1
000 01848oam2 2200397 450
001 2359352988
005 20231110095744.66
010    @a978-7-5539-1892-1@dCNY60.00
100    @a20181129d2014 em y0chiy50 ea
101 0  @achi
102    @aCN@b430000
105    @aa z 000yy
200 1  @a亲历者说“原子弹摇篮”@Aqin li zhe shuo “ yuan zi dan yao lan ”@dIn the first test site of China's atomic bomb@f谷才伟@zeng
210    @a长沙@c湖南教育出版社@d2014
215    @a11,351页@c照片@d24cm
225 1  @a20世纪中国科学口述史丛书@f樊洪业主编
314    @a题名页题:谷才伟,任益民,孙维昌口述;侯艺兵,曹科峰,姜洋访问整理
330    @a“十七号工地”是中国第一颗原子弹爆轰试验场地,被几代研制核武器人称之为“摇篮”。在新中国最艰难的六十年代,苏联撕毁协议,撤走专家,中国核事业面临严峻考验。在长城脚下迅速汇集了一批来自全国各地的科研人员、复转军人。他们从地质勘探队、大庆油田、军兵工厂脱下工装和军装与刚刚从高等院校毕业的大学生一起,在王淦昌、陈能宽(两弹一星功勋获得者)等专家带领下,凭着一腔报国激情,白手起家,开展炸药成型、爆轰物理等一系列攻关项目,在“十七号工地”做了上千次爆轰试验,为原子弹设计奠定了坚实的基础,其“摇篮”的地位不言而喻。本
461  0 @12001 @a20世纪中国科学口述史丛书
510 1  @aIn the first test site of China's atomic bomb@zeng
606 0  @a原子弹@x研制@x技术史@y中国@j史料
606 0  @a核武器
606 0  @a特种武器
606 0  @a核武器@x防护设备
606 0  @a特种武器@x防护设备
690    @aTJ91-092@v5
690    @aTJ9@v4
701  0 @a谷才伟@Agu cai wei@4口述
701  0 @a任益民@Aren yi min@4口述
701  0 @a孙维昌@Asun wei chang@4口述
701  0 @a谷才伟@Agu cai wei
702  0 @a曹科峰@Acao ke feng@4访问整理
702  0 @a姜洋访@Ajiang yang fang@4访问整理
702  0 @a侯艺兵@Ahou yi bing@f(1955~)@4访问整理
801  0 @aCN@b安徽时代@c20230923
905    @aBZT@dTJ9@e1
    
    亲历者说“原子弹摇篮”=In the first test site of China's atomic bomb/谷才伟.-长沙:湖南教育出版社,2014
    11,351页:照片;24cm.-(20世纪中国科学口述史丛书/樊洪业主编)
    
    
    ISBN 978-7-5539-1892-1:CNY60.00
    “十七号工地”是中国第一颗原子弹爆轰试验场地,被几代研制核武器人称之为“摇篮”。在新中国最艰难的六十年代,苏联撕毁协议,撤走专家,中国核事业面临严峻考验。在长城脚下迅速汇集了一批来自全国各地的科研人员、复转军人。他们从地质勘探队、大庆油田、军兵工厂脱下工装和军装与刚刚从高等院校毕业的大学生一起,在王淦昌、陈能宽(两弹一星功勋获得者)等专家带领下,凭着一腔报国激情,白手起家,开展炸药成型、爆轰物理等一系列攻关项目,在“十七号工地”做了上千次爆轰试验,为原子弹设计奠定了坚实的基础,其“摇篮”的地位不言而喻。本
●
相关链接 在五车中查询图书 在当当中查询图书 在豆瓣中查询图书


正题名:亲历者说"原子弹摇篮"     索取号:TJ9/1         预约/预借

序号 登录号 条形码 馆藏地/架位号 状态 备注
1 2000922187   2000922187   315书库/四28架B面6层4列/ [索取号:TJ9/1] 在馆    
2 2000922188   2000922188   315书库/四28架B面6层4列/ [索取号:TJ9/1] 在馆    
3 2000922189   2000922189   315书库/四28架B面6层4列/ [索取号:TJ9/1] 在馆    
4 2000922190   2000922190   315书库/四28架B面6层4列/ [索取号:TJ9/1] 在馆    
5 2000922191   2000922191   315书库/四28架B面6层4列/ [索取号:TJ9/1] 在馆    
6 2000922192   2000922192   315书库/四28架B面6层4列/ [索取号:TJ9/1] 在馆    
山东省滨州职业学院图书馆 欢迎您!
大连网信软件有限公司© 版权所有